000 00434nmm a2200145Ia 4500
008 251105s9999||||xx |||||||||||||||||und||
041 _aspa
100 _aCornwell, Patricia
245 0 _aUn ambiente extraño :
_b Doctora Kay Scarpetta 8
264 _a[Madrid, España] :
_bEdiciones B,
_c2017
300 _a448 páginas
650 _aThriller & Suspense
856 _uhttps://public.digitaliapublishing.com/a/54444
942 _cCF
999 _c106324
_d106324